000 01451nam a22003857a 4500
003 CHAP
005 20220329143722.0
008 110406s1995 mx a r 00010 spa d
010 _a100876
011 _a101848
020 _a9682952115 (vol. 2)
035 _a112536
040 _cCHAP
082 0 4 _a930.1097247
_bAn881
245 0 0 _aAntología de Cacaxtla
_c/compilado por Ángel García Cook y Beatriz Leonor Merino Carrión ; coordinado por Lorena Mirambell Silva
260 _aMéxico, D.F. :
_bINAH,
_c1995-
300 _av. :
_bilus., cuadros
490 0 _aAntologías
_pSerie arqueología
500 _aLa biblioteca tiene : v.1, v.2
590 _aBATCH-UPD
_b10
_c20130110
_lUCH01
_h1554
590 _aBATCH-UPD
_b10
_c20130410
_lUCH01
_h0952
590 _aBATCH-UPD
_b10
_c20130914
_lUCH01
_h0359
590 _aCONVERSION
_b10
_c20130109
_lUCH01
_h1356
650 1 4 _aArqueológia
_xTlaxcala.
_97362
650 1 4 _aTlaxcala
_xDescripcion y viaje.
_9113472
650 1 4 _aTlaxcala
_xHistoria.
_9113476
700 0 _aMirambell, Lorena
_e, coord.
_976043
700 1 _aGarcía Cook, Angel
_e, comp.
_945874
700 1 _aMerino Carrión, B. Leonor
_e, comp.
_974974
830 0 _aAntologias
_pSerie arqueologia
_96086
901 _aBK
942 _cLIBRO
949 _a930.1097247 An881
_bBC
_cLIBRO
_d33724002236504
_eLIBRO
_fv.2
_h114623
_i112536
_sb
949 _a930.1097247 An881
_bBC
_cLIBRO
_d33724002255842
_eLIBRO
_fv.1
_gDonaciØn
_h114748
_i112536
_sb
999 _c100876
_d100876